NLSUI OPAC header image

Responsive regulation : (Record no. 112011)

MARC details
000 -LEADER
fixed length control field 00921cam a2200229 a 4500
001 - CONTROL NUMBER
control field 2486644
005 - DATE AND TIME OF LATEST TRANSACTION
control field 20260209044454.0
008 - FIXED-LENGTH DATA ELEMENTS--GENERAL INFORMATION
fixed length control field 910423s1992 nyua b 001 0 eng
020 ## - INTERNATIONAL STANDARD BOOK NUMBER
International Standard Book Number 9780195093766
082 ## - DEWEY DECIMAL CLASSIFICATION NUMBER
Classification number 343.08 AYR
100 1# - MAIN ENTRY--PERSONAL NAME
Personal name Ayres, Ian
245 10 - TITLE STATEMENT
Title Responsive regulation :
Remainder of title transcending the deregulation debate /
Statement of responsibility, etc. Ian Ayres and John Braithwaite.
260 ## - PUBLICATION, DISTRIBUTION, ETC.
Place of publication, distribution, etc. New York :
Name of publisher, distributor, etc. Oxford University Press,
Date of publication, distribution, etc. 1992.
300 ## - PHYSICAL DESCRIPTION
Extent viii, 205 p. :
Other physical details ill. ;
Dimensions 25 cm.
440 #0 - SERIES STATEMENT/ADDED ENTRY--TITLE
Title Oxford socio-legal studies
505 ## - FORMATTED CONTENTS NOTE
Formatted contents note 1. The Politics of an Idea, 3 2. The Benign Big Gun, 19 3. Tripartism, 54 4. Enforced Self-Regulation, 101 5. Partial-Industry Intervention, 133 6. Delegation and Participation in a Responsive Regulatory order, 158 Notes, 163 References, 183
650 #0 - SUBJECT ADDED ENTRY--TOPICAL TERM
Topical term or geographic name entry element Trade regulation.
650 #0 - SUBJECT ADDED ENTRY--TOPICAL TERM
Topical term or geographic name entry element Deregulation.
650 #0 - SUBJECT ADDED ENTRY--TOPICAL TERM
Topical term or geographic name entry element Industrial policy.
700 1# - ADDED ENTRY--PERSONAL NAME
Personal name Braithwaite, John
942 ## - ADDED ENTRY ELEMENTS (KOHA)
Source of classification or shelving scheme Dewey Decimal Classification
Koha item type BOOKs
Holdings
Withdrawn status Lost status Source of classification or shelving scheme Damaged status Not for loan Home library Current library Shelving location Date acquired Total Checkouts Total Renewals Full call number Barcode Checked out Date last seen Date last checked out Price effective from Koha item type
    Dewey Decimal Classification     . . General Stacks 05.11.2018 2 8 343.08 AYR 35512 13.07.2026 08.07.2024 08.07.2024 05.11.2018 BOOKs